书目信息 |
| 题名: |
WIN DOWS短篇实例详解
|
|
| 作者: | 美Chris H. Pappas | |
| 分册: | ||
| 出版信息: | 电子工业出版社 1995. 4 |
|
| 页数: | 604页 | |
| 开本: | 16开 | |
| 丛书名: | ||
| 单 册: | ||
| 中图分类: | TP313 | |
| 科图分类: | ||
| 主题词: | 软件 | |
| 电子资源: | ||
| ISBN: | ||
| 000 | 00543nam0 2200193 45 | |
| 001 | 0308271037 | |
| 005 | 20030827105626.3 | |
| 010 | @dRMB78.00 | |
| 100 | @a20030827d1995 km y0chiy0120 ea | |
| 101 | @achi | |
| 105 | @a z 000yy | |
| 200 | 1 | @aWIN DOWS短篇实例详解@AWIN DOWS duan pian shi li xiang jie@f[美]Chris H. Pappas@F[mei]Chris H.Pappas |
| 210 | @c电子工业出版社@d1995. 4 | |
| 215 | @a604页@c无图表@d16开 | |
| 606 | 0 | @a软件 |
| 690 | @aTP313@v3 | |
| 701 | 0 | @a美Chris H. Pappas |
| 801 | @aCN@b@c20030827 | |
| 905 | @aBZT@dTP313@e107 | |
| WIN DOWS短篇实例详解/[美]Chris H. Pappas.-电子工业出版社,1995. 4 |
| 604页:无图表;16开 |
| ISBN :RMB78.00 |
| ● |
| 相关链接 |
|
|
|
正题名:WIN DOWS短篇实例详解
索取号:TP313/107
 
预约/预借
| 序号 | 登录号 | 条形码 | 馆藏地/架位号 | 状态 | 备注 |
| 1 | 87188 | 200047608 | 中心书库中库/ 中库027架B面6列3层8/ [索取号:TP313/107] | 在馆 |